000 00403nam a2200157Ia 4500
008 241014s9999||||xx |||||||||||||| ||und||
020 _a0-19-513827-9
060 _aWA 105 T 2000
100 _aTeutsch, Steven .M
245 0 _aprinciples practice of public health surveillance
250 _a2nd
260 _bOxford university press
300 _a406
650 _aPublic health
942 _bSPH
_cBK
999 _c19494
_d19494